[Event "NJ Jeugd Bj"]
[Site "Assen"]
[Date "2017.04.25"]
[Round "4.6"]
[White "Reichardt, Robin"]
[Black "Baselmans, Luuk"]
[Result "1-0"]
[WhiteElo "1855"]
[BlackElo "1838"]
[PlyCount "105"]
[EventDate "2017.??.??"]

1. d4 e6 2. c4 Bb4+ 3. Nd2 b6 4. Ngf3 Bb7 5. a3 Bxd2+ 6. Qxd2 Nf6 7. e3 d6 8.
Be2 Nbd7 9. O-O O-O 10. b4 a5 11. Bb2 Qe7 12. Qc2 Ne4 13. Nd2 Nxd2 14. Qxd2 Qg5
15. f3 Rfd8 16. Rfd1 Nf6 17. b5 Nd7 18. e4 Qxd2 19. Rxd2 Kf8 20. a4 e5 21. dxe5
Nxe5 22. Rad1 Ke7 23. Kf2 f6 24. Ke3 Rf8 25. Bxe5 fxe5 26. Bd3 Rf6 27. Rf2 Raf8
28. Rdf1 Bc8 29. Be2 Be6 30. Bd3 g5 31. Be2 Kf7 32. Bd3 Kg6 33. Be2 Bd7 34. Bd3
Rf4 35. g3 R4f6 36. f4 exf4+ 37. gxf4 Rxf4 38. e5+ Bf5 39. Bxf5+ R4xf5 40. exd6
Rxf2 41. Rxf2 Rxf2 42. dxc7 Rf8 43. c5 Re8+ 44. Kd3 bxc5 45. b6 Rc8 46. b7 Rxc7
47. b8=Q Rf7 48. Qb6+ Rf6 49. Qxa5 h5 50. Qxc5 g4 51. a5 h4 52. Ke2 Rf5 53.
Qxf5+ 1-0

[Event "NJ Jeugd Bj"]
[Site "Assen"]
[Date "2017.04.25"]
[Round "4.7"]
[White "Hubers, Daan"]
[Black "Ypma, Jord"]
[Result "0-1"]
[WhiteElo "1402"]
[BlackElo "1542"]
[PlyCount "52"]
[EventDate "2017.??.??"]

1. e4 c5 2. a3 g6 3. Nf3 Bg7 4. Bc4 Nc6 5. Nc3 d6 6. b3 Nf6 7. d3 a6 8. a4 O-O
9. Bb2 Bg4 10. h3 Bxf3 11. Qxf3 Nd4 12. Qd1 e6 13. b4 cxb4 14. Na2 Nd7 15. Rb1
b5 16. axb5 axb5 17. Bxd4 Bxd4 18. Bb3 Nc5 19. Qd2 Rxa2 20. Bxa2 Bc3 21. Qxc3
bxc3 22. Rxb5 Qa8 23. Bb1 Qa6 24. Rb4 Qa5 25. Rc4 Rb8 26. O-O Qa1 0-1

[Event "NJ Jeugd Bj"]
[Site "Assen"]
[Date "2017.04.25"]
[Round "4.8"]
[White "Klein, Jorik"]
[Black "Emans, Job"]
[Result "0-1"]
[WhiteElo "1905"]
[BlackElo "1734"]
[PlyCount "94"]
[EventDate "2017.??.??"]

1. e4 e6 2. d4 d5 3. Nd2 Nf6 4. Bd3 c5 5. c3 Nc6 6. Ngf3 cxd4 7. cxd4 Qb6 8. e5
Nd7 9. Nb3 f6 10. O-O Be7 11. Be3 O-O 12. Qb1 f5 13. Qc1 a5 14. g3 a4 15. Nbd2
g5 16. Bxg5 Bxg5 17. Nxg5 Nxd4 18. Ndf3 Nc5 19. Nxd4 Nxd3 20. Qe3 Nxb2 21. Nxf5
Qxe3 22. Nxe3 h6 23. Nh3 Nd3 24. f4 Bd7 25. Nf2 Nxf2 26. Rxf2 h5 27. f5 d4 28.
Nc2 d3 29. Nb4 exf5 30. Nxd3 Rae8 31. Rb1 Bc6 32. Re1 b5 33. a3 Be4 34. Nf4 Kh7
35. Nxh5 Rxe5 36. Nf4 Rc8 37. Nd3 Ree8 38. Nb4 Rc3 39. Ra1 Rec8 40. Rd2 Rf3 41.
Nd5 Kg7 42. Nb4 Rcc3 43. Rda2 Kf6 44. Rf2 Rxa3 45. Rxa3 Rxa3 46. Rd2 Rb3 47.
Na2 a3 0-1

[Event "NJ Jeugd Bj"]
[Site "Assen"]
[Date "2017.04.25"]
[Round "4.9"]
[White "Gijsen, William"]
[Black "Ten Have, Dimitri"]
[Result "1/2-1/2"]
[WhiteElo "1799"]
[BlackElo "1396"]
[PlyCount "174"]
[EventDate "2017.??.??"]

1. e4 e5 2. Nf3 Nc6 3. c3 Nf6 4. d4 exd4 5. e5 Qe7 6. Qe2 d3 7. Qxd3 Nxe5 8.
Nxe5 Qxe5+ 9. Be2 Bd6 10. Nd2 Qd5 11. Qe3+ Qe6 12. Nc4 Be7 13. Qg3 d6 14. Be3
Bd7 15. O-O O-O-O 16. Rfe1 a6 17. Bd4 d5 18. Bf3 Ne4 19. Bxe4 dxe4 20. Nd2 Qg4
21. Qxg4 Bxg4 22. Rxe4 Be6 23. Nf3 Rhg8 24. a3 h6 25. h3 Bd6 26. Ree1 b6 27.
Ne5 Bxe5 28. Rxe5 g6 29. Rae1 Rd6 30. b4 Rgd8 31. Kh2 Rd5 32. Kg3 Rxe5 33. Rxe5
Rd5 34. Kf4 Rxe5 35. Kxe5 b5 36. g4 Kd7 37. Be3 h5 38. gxh5 gxh5 39. h4 c6 40.
Kf4 Bc4 41. Ke5 Be6 42. Bc5 Bg4 43. Kf6 Ke8 44. Bd6 Bf3 45. Bf4 Bg4 46. Bg3 Bf3
47. Ke5 Kd7 48. Kd4 Kc8 49. Kc5 Kb7 50. Kd6 Kc8 51. Bf4 Kb7 52. Bh2 Kc8 53. Ke7
Bd5 54. Bf4 Kb7 55. Kd7 Be6+ 56. Ke7 Bd5 57. Be5 Kc8 58. Bd4 Kb7 59. Kd6 Be6
60. Be5 Bd5 61. Kc5 Be6 62. Bf6 Bd5 63. a4 Be6 64. f4 Bc4 65. Kd4 Bb3 66. axb5
axb5 67. Ke5 Kc8 68. Kd6 Kb7 69. Be5 Bc4 70. Ke7 Kc8 71. Bd4 Bb3 72. Kd6 Kb7
73. Kd7 Be6+ 74. Ke7 Bc4 75. Kf6 Kc8 76. Kg5 Be2 77. Kf6 Bc4 78. Bc5 Kd7 79. f5
Bb3 80. Be3 Bc4 81. Bc5 Bb3 82. Kg5 Bd1 83. Kh6 Bg4 84. Kg5 Be2 85. Kf6 Bc4 86.
Kg7 Bb3 87. Kf8 Bc4 1/2-1/2

[Event "NJ Jeugd Bj"]
[Site "Assen"]
[Date "2017.04.25"]
[Round "4.10"]
[White "Kanger, Thomas"]
[Black "Kanbier, Guy"]
[Result "0-1"]
[WhiteElo "1382"]
[BlackElo "1214"]
[PlyCount "104"]
[EventDate "2017.??.??"]

1. d4 d5 2. c4 c6 3. Nc3 Nf6 4. cxd5 cxd5 5. Bf4 e6 6. e3 a6 7. Nf3 Bd7 8. Qb3
Qc8 9. Bd3 Be7 10. O-O O-O 11. Rac1 Nc6 12. Ne5 Na5 13. Qd1 Qd8 14. Qf3 h6 15.
e4 Bc6 16. Nxc6 Nxc6 17. e5 Nh7 18. Qg4 Bg5 19. Bxh7+ Kxh7 20. Bxg5 hxg5 21.
Ne2 Qe7 22. Rc3 Rh8 23. Rf3 Kg8 24. Rg3 Rh4 25. Qxg5 Qxg5 26. Rxg5 Nxd4 27. Ng3
Rc8 28. Nh5 Ne2+ 29. Kh1 g6 30. Nf6+ Kg7 31. g3 Rhh8 32. Kg2 Nc1 33. a3 Nd3 34.
b4 Nxe5 35. Rxe5 Kxf6 36. Re3 d4 37. Re4 Rhd8 38. Rd1 d3 39. Kf1 Rc3 40. a4 g5
41. Ke1 Kf5 42. f3 e5 43. h4 gxh4 44. Rxh4 b5 45. Rh5+ Ke6 46. axb5 axb5 47. f4
Rd5 48. Rh6+ f6 49. fxe5 Rxe5+ 50. Kd2 Rb3 51. Rh4 Re2+ 52. Kc1 Rc2# 0-1

[Event "NJ Jeugd Bj"]
[Site "Assen"]
[Date "2017.04.25"]
[Round "4.11"]
[White "Joosse, Xander"]
[Black "Eelsingh, Janko"]
[Result "1-0"]
[WhiteElo "1167"]
[BlackElo "1093"]
[PlyCount "33"]
[EventDate "2017.??.??"]

1. d4 f5 2. c4 Nf6 3. Nf3 e6 4. Bg5 h6 5. Bxf6 Qxf6 6. Nc3 a6 7. e3 b6 8. Be2
Bb7 9. O-O c5 10. d5 g5 11. e4 fxe4 12. Nxe4 Qf4 13. Qd3 exd5 14. cxd5 g4 15.
Nfd2 Qf5 16. Bxg4 Qg6 17. Bh5 1-0

[Event "NJ Jeugd Bj"]
[Site "Assen"]
[Date "2017.04.26"]
[Round "5.1"]
[White "Kouwenhoven, Derk"]
[Black "Wedda, Dries"]
[Result "1-0"]
[WhiteElo "2077"]
[BlackElo "2079"]
[PlyCount "75"]
[EventDate "2017.??.??"]

1. e4 c5 2. Nf3 d6 3. d4 cxd4 4. Nxd4 Nf6 5. Nc3 a6 6. Bg5 Nbd7 7. Qe2 h6 8.
Bh4 g6 9. f4 e5 10. fxe5 dxe5 11. O-O-O Qc7 12. Nb3 b5 13. Kb1 Be7 14. Qe1 Bb7
15. Nd5 Nxd5 16. exd5 Rc8 17. Bxe7 Qxc2+ 18. Ka1 Kxe7 19. Bd3 Qc7 20. Bxb5 Qd6
21. Bxd7 Kxd7 22. Na5 Bxd5 23. Qd2 Ke6 24. Rhe1 Qc5 25. Qe2 f6 26. Qxa6+ Ke7
27. Nb3 Bxb3 28. Qb7+ Rc7 29. Qxb3 Rhc8 30. a3 Qc2 31. Qd5 Qc6 32. Qd2 h5 33.
Rf1 Rb8 34. Qh6 Qxg2 35. Qg7+ Ke8 36. Qh8+ Kf7 37. Rxf6+ Ke7 38. Qg7+ 1-0

[Event "NJ Jeugd Bj"]
[Site "Assen"]
[Date "2017.04.26"]
[Round "5.2"]
[White "Dijkhuis, Oele"]
[Black "Kokje, Joris"]
[Result "1/2-1/2"]
[WhiteElo "1944"]
[BlackElo "2187"]
[PlyCount "85"]
[EventDate "2017.??.??"]

1. e4 c5 2. Nf3 d6 3. Bb5+ Nc6 4. O-O Bd7 5. d4 cxd4 6. Nxd4 a6 7. Nxc6 bxc6 8.
Ba4 Nf6 9. Nd2 e6 10. Qe2 Be7 11. e5 dxe5 12. Nc4 c5 13. Bxd7+ Nxd7 14. b3 O-O
15. Bb2 Qc7 16. Rad1 Rfd8 17. Bc3 a5 18. a4 Bf6 19. Qe1 Nb8 20. Rxd8+ Bxd8 21.
Bxe5 Qb7 22. Qc3 f6 23. Bxb8 Qxb8 24. Qe3 Qc8 25. Rd1 Ra6 26. Qd2 Bc7 27. g3 h5
28. Qe2 h4 29. Qh5 hxg3 30. hxg3 e5 31. Kg2 f5 32. Rh1 Rh6 33. Qf3 e4 34. Qd1
Qe6 35. Rxh6 gxh6 36. Qh5 f4 37. gxf4 Bxf4 38. Nxa5 e3 39. fxe3 Qe4+ 40. Qf3
Qxc2+ 41. Kh3 Bg5 42. e4 Qb2 43. Qg3 1/2-1/2

[Event "NJ Jeugd Bj"]
[Site "Assen"]
[Date "2017.04.26"]
[Round "5.3"]
[White "Bekedam, Tyro"]
[Black "Tang, Charlie"]
[Result "0-1"]
[WhiteElo "2004"]
[BlackElo "2041"]
[PlyCount "122"]
[EventDate "2017.??.??"]

1. e4 e6 2. Qe2 c5 3. f4 Nc6 4. Nf3 Nge7 5. b3 d5 6. Bb2 d4 7. c3 g6 8. Qc4 Bg7
9. Qxc5 b6 10. Qc4 Bb7 11. Qe2 O-O 12. e5 Nf5 13. c4 Nb4 14. d3 Bxf3 15. gxf3
Qh4+ 16. Qf2 Nc2+ 17. Ke2 Qxf4 18. Nd2 Nxa1 19. Bxa1 Bh6 20. Kd1 Qxe5 21. Bh3
Ne3+ 22. Kc1 f5 23. Kb1 Rfd8 24. Qh4 Bf4 25. Re1 a5 26. Nf1 b5 27. Nxe3 Bxe3
28. Bg2 Rab8 29. Bb2 bxc4 30. dxc4 a4 31. b4 Qd6 32. a3 e5 33. Bf1 Bd2 34. Rd1
Bxb4 35. axb4 Qxb4 36. Qf2 a3 37. Rd2 Qxb2+ 38. Rxb2 Rxb2+ 39. Qxb2 axb2 40.
Kxb2 Rb8+ 41. Kc2 Kf7 42. Be2 Ke6 43. h4 e4 44. fxe4 fxe4 45. Kd2 Rb2+ 46. Ke1
d3 47. Bg4+ Ke5 48. c5 Kd5 49. h5 gxh5 50. Bxh5 Kxc5 51. Bg4 e3 52. Kf1 Rb1+
53. Kg2 e2 54. Bf5 e1=Q 55. Bxh7 Qh1+ 56. Kf2 Qxh7 57. Ke3 Re1+ 58. Kd2 Re2+
59. Kc3 Rc2+ 60. Kb3 Qb7+ 61. Ka3 Qb4# 0-1

[Event "NJ Jeugd Bj"]
[Site "Assen"]
[Date "2017.04.26"]
[Round "5.4"]
[White "Nguyen, Kevin"]
[Black "Reichardt, Robin"]
[Result "1-0"]
[WhiteElo "2143"]
[BlackElo "1855"]
[PlyCount "69"]
[EventDate "2017.??.??"]

1. e4 e5 2. Nf3 Nc6 3. Bb5 a6 4. Ba4 Nf6 5. d3 d6 6. c3 g6 7. O-O Bg7 8. Re1
O-O 9. h3 Bd7 10. Be3 b5 11. Bc2 Nh5 12. d4 exd4 13. cxd4 Nb4 14. Bb3 c5 15.
Qd2 Qe7 16. Bg5 Qe8 17. e5 dxe5 18. Nxe5 Be6 19. d5 c4 20. dxe6 f6 21. Qxb4
fxg5 22. Bc2 a5 23. Qd6 Rd8 24. Nd7 Rxd7 25. Qxd7 Bxb2 26. Nd2 Bxa1 27. Rxa1
Qxd7 28. exd7 Rd8 29. Ne4 Kg7 30. Rd1 Nf6 31. Nxg5 Rxd7 32. Ne6+ Kf7 33. Rxd7+
Nxd7 34. Nd4 b4 35. Nc6 1-0

[Event "NJ Jeugd Bj"]
[Site "Assen"]
[Date "2017.04.26"]
[Round "5.5"]
[White "Van Randtwijk, Mick"]
[Black "Ypma, Jord"]
[Result "1/2-1/2"]
[WhiteElo "2014"]
[BlackElo "1542"]
[PlyCount "113"]
[EventDate "2017.??.??"]

1. e4 c5 2. Nf3 g6 3. d4 cxd4 4. Nxd4 Nc6 5. Nc3 Bg7 6. Be3 Nf6 7. Bc4 O-O 8.
Bb3 Ng4 9. Nxc6 Nxe3 10. Nxd8 Nxd1 11. Rxd1 Bxc3+ 12. bxc3 Rxd8 13. O-O d6 14.
Bd5 Be6 15. Bxb7 Rab8 16. Bd5 Bxd5 17. Rxd5 Rdc8 18. Ra5 Rb7 19. Ra3 Rbc7 20.
Rc1 Rxc3 21. Rxa7 Kf8 22. f3 Rxc2 23. Rxc2 Rxc2 24. a4 Ke8 25. Ra8+ Kd7 26. Rf8
Ke6 27. a5 Ra2 28. Ra8 Kd7 29. a6 h5 30. a7 Ke6 31. f4 f6 32. g3 Kf7 33. Kf1 f5
34. exf5 gxf5 35. Ke1 d5 36. Kd1 d4 37. Kc1 d3 38. Kd1 Kg7 39. h4 Kf7 40. Rh8
Rxa7 41. Rxh5 Kf6 42. Rg5 Ra2 43. Rg8 Rg2 44. Rf8+ Ke6 45. Rg8 Kf6 46. h5 e6
47. h6 Rh2 48. Rh8 Kg6 49. Re8 Rxh6 50. Rxe6+ Kh5 51. Re8 Kg4 52. Rg8+ Kf3 53.
Kd2 Rh3 54. Rf8 Rxg3 55. Rxf5 Ke4 56. Re5+ Kxf4 57. Re8 1/2-1/2

[Event "NJ Jeugd Bj"]
[Site "Assen"]
[Date "2017.04.26"]
[Round "5.6"]
[White "Omota, Vlad"]
[Black "Post, Jesper"]
[Result "1-0"]
[WhiteElo "1895"]
[BlackElo "1694"]
[PlyCount "75"]
[EventDate "2017.??.??"]

1. e4 c5 2. c3 Nf6 3. e5 Nd5 4. Bc4 Nb6 5. Bb3 e6 6. d4 d5 7. Nf3 Nc6 8. Be3
cxd4 9. cxd4 Be7 10. Nc3 O-O 11. a3 f6 12. exf6 Bxf6 13. O-O Bd7 14. Qd3 Be8
15. Rfe1 Bg6 16. Qe2 Qe7 17. Rad1 Bh5 18. h3 Bxf3 19. gxf3 Bg5 20. Kh1 Bxe3 21.
fxe3 Qf6 22. f4 Qh4 23. Qg4 Qxg4 24. hxg4 Na5 25. Ba2 Rac8 26. Re2 a6 27. f5
exf5 28. Nxd5 Nxd5 29. Bxd5+ Kh8 30. Be6 fxg4 31. Bxc8 Rxc8 32. d5 Rd8 33. e4
Kg8 34. Kg2 g5 35. Kg3 h5 36. Rh1 Kg7 37. Rxh5 Kg6 38. Kxg4 1-0

[Event "NJ Jeugd Bj"]
[Site "Assen"]
[Date "2017.04.26"]
[Round "5.7"]
[White "Emans, Job"]
[Black "Gijsen, William"]
[Result "0-1"]
[WhiteElo "1734"]
[BlackElo "1799"]
[PlyCount "86"]
[EventDate "2017.??.??"]

1. e4 c5 2. Nf3 g6 3. d4 cxd4 4. Nxd4 Nc6 5. Nc3 Bg7 6. Be3 Nf6 7. Bc4 a5 8.
Bb3 d6 9. f3 O-O 10. Qd2 Bd7 11. h4 Ne5 12. a4 Rc8 13. Bh6 Nc4 14. Bxc4 Rxc4
15. Bxg7 Kxg7 16. g4 Qb6 17. Nb3 e6 18. h5 d5 19. hxg6 fxg6 20. Qh6+ Kf7 21.
Qf4 Ke8 22. Qg5 d4 23. Qxa5 Qxa5 24. Nxa5 Rb4 25. Ne2 b6 26. Nb3 d3 27. Ned4
dxc2 28. Kd2 e5 29. Kc3 Rxa4 30. Nxc2 Ke7 31. Ne3 Rc8+ 32. Kd2 Rb4 33. g5 Rxb3
34. gxf6+ Kxf6 35. Rxh7 Be6 36. Rb1 Rd8+ 37. Ke2 Rdd3 38. Nf1 Bc4 39. Nd2 Rd7+
40. Kd1 Rxh7 41. Nxc4 Rh2 42. Kc1 Rxf3 43. Nd2 Rff2 0-1

[Event "NJ Jeugd Bj"]
[Site "Assen"]
[Date "2017.04.26"]
[Round "5.8"]
[White "Baselmans, Luuk"]
[Black "Ten Have, Dimitri"]
[Result "1-0"]
[WhiteElo "1838"]
[BlackElo "1396"]
[PlyCount "53"]
[EventDate "2017.??.??"]

1. e4 e5 2. Nf3 Nc6 3. d4 exd4 4. Bc4 Bc5 5. c3 Qf6 6. O-O Ne5 7. Nxe5 Qxe5 8.
Kh1 Ne7 9. Qd3 d6 10. f4 Qf6 11. b4 Bb6 12. Bb2 dxc3 13. Bxc3 Qh6 14. Nd2 O-O
15. Rf3 Ng6 16. Raf1 a5 17. b5 Be6 18. Rg3 Qh4 19. f5 Bxc4 20. Nxc4 Ne5 21.
Nxe5 dxe5 22. Bxe5 f6 23. Bb2 Rad8 24. Qb3+ Kh8 25. e5 fxe5 26. Bxe5 Rd7 27. f6
1-0

[Event "NJ Jeugd Bj"]
[Site "Assen"]
[Date "2017.04.26"]
[Round "5.9"]
[White "Kanbier, Guy"]
[Black "Hubers, Daan"]
[Result "1/2-1/2"]
[WhiteElo "1214"]
[BlackElo "1402"]
[PlyCount "142"]
[EventDate "2017.??.??"]

1. e4 e6 2. d4 d5 3. exd5 exd5 4. Bd3 Nf6 5. h3 Nc6 6. c3 Be6 7. Qf3 Qd7 8. Bg5
Be7 9. Bf4 O-O-O 10. Nd2 Rde8 11. Ne2 h6 12. Nb3 Nh7 13. O-O-O Bg5 14. g4 f5
15. gxf5 Bxf5 16. Bxg5 Bxd3 17. Qxd3 Nxg5 18. Nc5 Qf7 19. f4 Ne4 20. Nxe4 Rxe4
21. Kb1 Rhe8 22. Rde1 Qh5 23. Rh2 Rxf4 24. Kc2 Rf3 25. Qd2 Rxh3 26. Rxh3 Qxh3
27. Nf4 Qf5+ 28. Nd3 Rxe1 29. Qxe1 Qe4 30. Qf2 b6 31. Kd2 Qe7 32. Qf5+ Qd7 33.
Qf8+ Kb7 34. Qg8 h5 35. Ne5 Nxe5 36. dxe5 h4 37. e6 Qe7 38. Qf7 Qg5+ 39. Kc2 h3
40. e7 h2 41. e8=Q h1=Q 42. Qfd7 Qgg2+ 43. Kb3 Qd1+ 44. Ka3 Qxb2+ 45. Kxb2 Qd2+
46. Kb3 Qd1+ 47. Ka3 Qc1+ 48. Kb3 Qb1+ 49. Ka3 Qc1+ 50. Kb3 Qb1+ 51. Ka3 Qc1+
52. Ka4 Qc2+ 53. Ka3 Qxc3+ 54. Ka4 Qc4+ 55. Ka3 Qc3+ 56. Ka4 Qd4+ 57. Kb3 Qd3+
58. Kb2 Qd2+ 59. Kb3 Qd3+ 60. Ka4 Qa6+ 61. Kb3 Qd3+ 62. Kb2 Qd2+ 63. Kb3 Qd3+
64. Ka4 Qa6+ 65. Kb3 Qd3+ 66. Kb2 Qd2+ 67. Ka3 Qc3+ 68. Ka4 Qc4+ 69. Ka3 Qc3+
70. Ka4 Qc4+ 71. Ka3 Qc3+ 1/2-1/2

[Event "NJ Jeugd Bj"]
[Site "Assen"]
[Date "2017.04.26"]
[Round "5.10"]
[White "Joosse, Xander"]
[Black "Kanger, Thomas"]
[Result "1-0"]
[WhiteElo "1167"]
[BlackElo "1382"]
[PlyCount "135"]
[EventDate "2017.??.??"]

1. d4 f5 2. c4 g6 3. Nf3 Nf6 4. Bg5 Bg7 5. e3 Nh5 6. h3 h6 7. Bh4 d6 8. Be2 c5
9. Nc3 Nf6 10. dxc5 Ne4 11. Qc2 Nxc5 12. O-O Nc6 13. Rad1 Qa5 14. Nd5 Be6 15.
a3 Qd8 16. b4 Nd7 17. Nxe7 g5 18. Nxc6 bxc6 19. Bg3 d5 20. Nd4 Qf6 21. Nxe6
Qxe6 22. cxd5 cxd5 23. Bb5 O-O 24. Qc6 Qxc6 25. Bxc6 Rad8 26. Bxd5+ Kh8 27. Be6
f4 28. exf4 gxf4 29. Bh4 Nf6 30. Rxd8 Rxd8 31. Rc1 Re8 32. Rc8 Rxc8 33. Bxc8
Nd5 34. Bb7 Nb6 35. Ba6 Bb2 36. Be7 Bxa3 37. Bd6 Nd5 38. Be5+ Kh7 39. b5 Nb4
40. Bd4 Nd5 41. Bxa7 Nc7 42. Bb8 Na8 43. Bxf4 Bc5 44. Be3 Bb6 45. Bb7 Bxe3 46.
fxe3 Nb6 47. Kf2 Kg7 48. Kf3 Kf6 49. Ke4 Ke6 50. Kd4 Kd6 51. Bc6 Nc8 52. e4 Ne7
53. g4 Ng6 54. Bd5 Nf4 55. b6 Nxh3 56. b7 Kc7 57. e5 Nf4 58. e6 Ng6 59. Ke4 Ne7
60. Ke5 Ng8 61. Bf3 Kb8 62. Kd6 Nf6 63. Ke7 Nh7 64. Kd8 Nf8 65. e7 Ne6+ 66. Kd7
Ng7 67. e8=Q+ Nxe8 68. Kxe8 1-0

[Event "NJ Jeugd Bj"]
[Site "Assen"]
[Date "2017.04.26"]
[Round "5.11"]
[White "Eelsingh, Janko"]
[Black "Klein, Jorik"]
[Result "1/2-1/2"]
[WhiteElo "1093"]
[BlackElo "1905"]
[PlyCount "62"]
[EventDate "2017.??.??"]

1. e4 c5 2. Nf3 d6 3. d4 cxd4 4. Nxd4 Nf6 5. Nc3 a6 6. Be3 e6 7. f3 Be7 8. Qd2
b5 9. g4 Bb7 10. O-O-O Nfd7 11. Kb1 Ne5 12. g5 Nbc6 13. Nxc6 Bxc6 14. Be2 b4
15. f4 Nd7 16. Bf3 Rg8 17. Ne2 Rb8 18. Nd4 Ba8 19. h4 Nc5 20. e5 Bxf3 21. Nxf3
Ne4 22. Qd3 d5 23. Qxa6 Kf8 24. Nd4 Ra8 25. Qb5 Ra5 26. Qc6 Rc5 27. Nxe6+ fxe6
28. Bxc5 Nxc5 29. Rhf1 g6 30. Rd4 Qd7 31. Qxd7 Nxd7 1/2-1/2

[Event "NJ Jeugd Bj"]
[Site "Assen"]
[Date "2017.04.26"]
[Round "6.1"]
[White "Kokje, Joris"]
[Black "Kouwenhoven, Derk"]
[Result "1-0"]
[WhiteElo "2187"]
[BlackElo "2077"]
[PlyCount "69"]
[EventDate "2017.??.??"]

1. d4 Nf6 2. c4 g6 3. Nc3 Bg7 4. e4 d6 5. f3 O-O 6. Nge2 e5 7. Be3 Nh5 8. g4
Nf4 9. Qd2 Nxe2 10. Nxe2 f5 11. gxf5 gxf5 12. O-O-O f4 13. Bf2 Nc6 14. d5 Ne7
15. h4 h5 16. Kb1 Bf6 17. Ng1 Ng6 18. Nh3 Kf7 19. Ng5+ Bxg5 20. hxg5 Qxg5 21.
Bh3 Rh8 22. Be6+ Ke7 23. c5 Qf6 24. Qb4 b6 25. cxd6+ cxd6 26. Rc1 Bxe6 27. dxe6
Qxe6 28. Rc7+ Kf6 29. Qe1 h4 30. Bxh4+ Nxh4 31. Rxh4 Rac8 32. Qh1 Rxc7 33. Rxh8
Rg7 34. Qh6+ Kf7 35. Rf8+ 1-0

[Event "NJ Jeugd Bj"]
[Site "Assen"]
[Date "2017.04.26"]
[Round "6.2"]
[White "Tang, Charlie"]
[Black "Wedda, Dries"]
[Result "0-1"]
[WhiteElo "2041"]
[BlackElo "2079"]
[PlyCount "76"]
[EventDate "2017.??.??"]

1. e4 c5 2. Nf3 d6 3. d4 cxd4 4. Nxd4 Nf6 5. Nc3 a6 6. Be3 e5 7. Nb3 Be6 8. f3
h5 9. Qd2 Nbd7 10. O-O-O Rc8 11. Kb1 b5 12. Nd5 Bxd5 13. exd5 Nb6 14. Bxb6 Qxb6
15. Be2 g6 16. h4 Bg7 17. Rhg1 b4 18. Qd3 Ra8 19. Nd2 Qc5 20. Nb3 Qc7 21. Nd2
a5 22. Qb5+ Ke7 23. Rge1 Rhb8 24. Qc4 Qb7 25. f4 Nd7 26. Ne4 Rc8 27. Qd3 a4 28.
c4 bxc3 29. Nxc3 Kf8 30. Qb5 Qa7 31. Rc1 e4 32. Qb4 Rab8 33. Qxd6+ Kg8 34. Qa3
Qf2 35. Ka1 Nc5 36. Bc4 Nd3 37. Bxd3 exd3 38. Red1 Bf8 0-1

[Event "NJ Jeugd Bj"]
[Site "Assen"]
[Date "2017.04.26"]
[Round "6.3"]
[White "Dijkhuis, Oele"]
[Black "Nguyen, Kevin"]
[Result "1/2-1/2"]
[WhiteElo "1944"]
[BlackElo "2143"]
[PlyCount "67"]
[EventDate "2017.??.??"]

1. e4 g6 2. d4 Bg7 3. Be3 d6 4. Nc3 a6 5. Nf3 b5 6. Bd3 Bb7 7. O-O Nd7 8. Qe1
Rc8 9. b4 e6 10. a4 c6 11. h3 Ne7 12. Qd2 h6 13. Rfe1 Nb6 14. Bf4 Qd7 15. a5
Na8 16. e5 d5 17. g4 Kd8 18. Ne2 Kc7 19. Nc1 Bf8 20. Bg3 Kb8 21. c3 Nc7 22. Nb3
Ng8 23. Kg2 Be7 24. Bc2 Rf8 25. Rh1 Qd8 26. Rad1 Bc8 27. Nc5 Ka7 28. Qe3 Ka8
29. Ne1 h5 30. f3 Bg5 31. Qf2 hxg4 32. fxg4 Nh6 33. Nf3 Be7 34. Bd3 1/2-1/2

[Event "NJ Jeugd Bj"]
[Site "Assen"]
[Date "2017.04.26"]
[Round "6.4"]
[White "Omota, Vlad"]
[Black "Van Randtwijk, Mick"]
[Result "0-1"]
[WhiteElo "1895"]
[BlackElo "2014"]
[PlyCount "78"]
[EventDate "2017.??.??"]

1. e4 c5 2. c3 Nf6 3. e5 Nd5 4. d4 cxd4 5. cxd4 Nc6 6. Nc3 Nxc3 7. bxc3 d6 8.
exd6 e6 9. Nf3 Bxd6 10. Bd3 h6 11. O-O O-O 12. Be3 Qa5 13. Qd2 f5 14. Qc2 e5
15. dxe5 Nxe5 16. Qb3+ Kh7 17. Be2 Qc7 18. Nxe5 Bxe5 19. f4 Bf6 20. Rac1 Re8
21. Rf3 Rxe3 22. Rxe3 Qxf4 23. c4 Bd4 24. Rcc3 Bd7 25. Kh1 Bxe3 26. Rxe3 Re8
27. Rxe8 Qc1+ 28. Bd1 Bxe8 29. Qc2 Qxc2 30. Bxc2 g6 31. a3 Kg7 32. Kg1 Kf6 33.
Kf2 Bf7 34. Bd3 Ke5 35. Ke3 f4+ 36. Kf3 g5 37. h4 Kd4 38. hxg5 hxg5 39. Bc2
Bh5+ 0-1

[Event "NJ Jeugd Bj"]
[Site "Assen"]
[Date "2017.04.26"]
[Round "6.5"]
[White "Ypma, Jord"]
[Black "Bekedam, Tyro"]
[Result "0-1"]
[WhiteElo "1542"]
[BlackElo "2004"]
[PlyCount "98"]
[EventDate "2017.??.??"]

1. d4 d5 2. Bf4 Nf6 3. e3 c6 4. Bd3 Bg4 5. Nf3 e6 6. Nbd2 Bd6 7. h3 Bh5 8. g4
Bg6 9. Ne5 Qc7 10. Nxg6 hxg6 11. Qf3 Bxf4 12. exf4 Nbd7 13. Nb3 O-O-O 14. O-O-O
Kb8 15. Kb1 b6 16. f5 gxf5 17. gxf5 e5 18. Qg3 Nh5 19. Qh2 e4 20. Qxc7+ Kxc7
21. Be2 Nf4 22. Bg4 Rh4 23. Rhg1 Nf6 24. Rg3 Rdh8 25. Rdg1 Ne8 26. Rh1 Nf6 27.
Rhg1 R8h6 28. a3 Kd6 29. Nd2 Nxg4 30. Rxg4 Nxh3 31. Rxh4 Nxg1 32. Rg4 Ne2 33.
Nb3 g6 34. Rg5 Rh5 35. Rxh5 gxh5 36. c3 h4 37. Nd2 h3 38. Nf1 Ng1 39. Kc2 Nf3
40. Kd1 h2 41. Ng3 c5 42. dxc5+ bxc5 43. b4 cxb4 44. cxb4 Kc6 45. Ke2 d4 46.
Kd1 Kb5 47. Kc2 d3+ 48. Kb3 Nd4+ 49. Kb2 d2 0-1

[Event "NJ Jeugd Bj"]
[Site "Assen"]
[Date "2017.04.26"]
[Round "6.7"]
[White "Emans, Job"]
[Black "Baselmans, Luuk"]
[Result "0-1"]
[WhiteElo "1734"]
[BlackElo "1838"]
[PlyCount "88"]
[EventDate "2017.??.??"]

1. e4 e6 2. d4 d5 3. e5 c5 4. c3 Qb6 5. Nf3 Nc6 6. a3 c4 7. Be2 Na5 8. Nbd2 Bd7
9. O-O Be7 10. Re1 Nh6 11. Nf1 Nb3 12. Rb1 Nf5 13. Ng3 Nxg3 14. hxg3 O-O-O 15.
Be3 Rdg8 16. Nd2 Ba4 17. Nxb3 Bxb3 18. Qd2 h5 19. Bd1 Bxd1 20. Qxd1 g5 21. b3
cxb3 22. Qxb3 Qxb3 23. Rxb3 b6 24. Rc1 Kb7 25. a4 Rc8 26. f4 g4 27. f5 Rc4 28.
a5 Ra4 29. axb6 axb6 30. Rf1 Rh7 31. Rfb1 Bd8 32. Rf1 Ra2 33. fxe6 fxe6 34. Rf8
Ra1+ 35. Kf2 Be7 36. Re8 Rf7+ 37. Bf4 h4 38. Rg8 Ra2+ 39. Ke3 Rxg2 40. Rxg4 h3
41. Rg6 Rh7 42. g4 h2 43. Bxh2 Rgxh2 44. Kf4 R2h3 0-1

[Event "NJ Jeugd Bj"]
[Site "Assen"]
[Date "2017.04.26"]
[Round "6.8"]
[White "Post, Jesper"]
[Black "Joosse, Xander"]
[Result "1/2-1/2"]
[WhiteElo "1694"]
[BlackElo "1167"]
[PlyCount "99"]
[EventDate "2017.??.??"]

1. d4 d5 2. c4 c6 3. Nf3 Nf6 4. Nc3 Bf5 5. e3 e6 6. Bd3 Bxd3 7. Qxd3 Bb4 8. O-O
O-O 9. Ne5 Nbd7 10. f4 Bxc3 11. bxc3 Ne4 12. Rb1 Rb8 13. Ba3 Re8 14. cxd5 cxd5
15. c4 Ndf6 16. Rb2 Qc7 17. Rfb1 b6 18. cxd5 exd5 19. Rc2 Qb7 20. Rbc1 Rbc8 21.
Nc6 Rc7 22. Qb5 h6 23. Qe2 Kh8 24. Ne5 Rxc2 25. Qxc2 Kg8 26. Qc7 Qxc7 27. Rxc7
a5 28. h3 b5 29. Bc5 Nc3 30. Rxf7 Nxa2 31. Ra7 a4 32. Rb7 Nc3 33. Bb4 Nd1 34.
Bd2 Ne4 35. Bb4 Ndc3 36. Ng4 Ra8 37. Nf2 a3 38. Nxe4 Nxe4 39. Bxa3 Rxa3 40.
Rxb5 Nf6 41. Kf2 Ra2+ 42. Kf3 Ra3 43. g4 g5 44. Rb6 Kg7 45. Rb7+ Kg8 46. Re7
Ra5 47. Re5 Ne4 48. fxg5 hxg5 49. Rf5 Kg7 50. Re5 1/2-1/2

[Event "NJ Jeugd Bj"]
[Site "Assen"]
[Date "2017.04.26"]
[Round "6.9"]
[White "Klein, Jorik"]
[Black "Hubers, Daan"]
[Result "1-0"]
[WhiteElo "1905"]
[BlackElo "1402"]
[PlyCount "83"]
[EventDate "2017.??.??"]

1. e4 e6 2. d4 d5 3. Nd2 c5 4. exd5 exd5 5. Ngf3 Nf6 6. Bb5+ Bd7 7. Bxd7+ Nbxd7
8. O-O Be7 9. c3 O-O 10. Re1 c4 11. Qc2 Bd6 12. Ne5 Re8 13. f4 Nh5 14. Qf5 Bxe5
15. fxe5 g6 16. Qf2 Qb6 17. Nf3 Ng7 18. Rf1 f6 19. exf6 Qxf6 20. Qc2 Qf5 21.
Qd2 Rf8 22. b3 b5 23. Ba3 Rf6 24. Ne5 Qe6 25. Nxd7 Rxf1+ 26. Rxf1 Qxd7 27. Qf4
Qe8 28. Qg3 Nf5 29. Rxf5 Qe2 30. Qf2 Qe8 31. Rf8+ Qxf8 32. Bxf8 Rxf8 33. Qe3
cxb3 34. axb3 Rf5 35. Qe8+ Kg7 36. Qxb5 a5 37. Qxa5 h5 38. Qd8 Kh6 39. c4 dxc4
40. bxc4 h4 41. Qxh4+ Rh5 42. Qxh5+ 1-0

[Event "NJ Jeugd Bj"]
[Site "Assen"]
[Date "2017.04.26"]
[Round "6.10"]
[White "Ten Have, Dimitri"]
[Black "Kanger, Thomas"]
[Result "1-0"]
[WhiteElo "1396"]
[BlackElo "1382"]
[PlyCount "67"]
[EventDate "2017.??.??"]

1. d4 f5 2. Nf3 g6 3. e3 Nf6 4. Nbd2 Bg7 5. b3 O-O 6. Bd3 d6 7. Bb2 Re8 8. O-O
c6 9. Qe2 Nbd7 10. e4 e6 11. e5 dxe5 12. dxe5 Nh5 13. Qe3 Qc7 14. Nc4 b5 15.
Nd6 Rd8 16. Nxc8 Raxc8 17. h3 f4 18. Qe2 Qb6 19. Kh2 a6 20. Ng5 c5 21. Nxh7
Nxe5 22. Bxe5 Bxe5 23. Qxe5 Rd5 24. Nf6+ Nxf6 25. Qxf6 Rc7 26. Qxg6+ Kf8 27.
Qh6+ Rg7 28. Qxf4+ Ke7 29. Rae1 Rd4 30. Qe5 Kf7 31. Re4 Qc6 32. Rf4+ Rxf4 33.
Qxf4+ Ke7 34. g3 1-0